Wash day : (Record no. 8912)

MARC details
000 -LEADER
fixed length control field 00717nam a22002417a 4500
001 - CONTROL NUMBER
control field 8912
003 - CONTROL NUMBER IDENTIFIER
control field FISKH
005 - DATE AND TIME OF LATEST TRANSACTION
control field 20251031103651.0
008 - FIXED-LENGTH DATA ELEMENTS--GENERAL INFORMATION
fixed length control field 251031b cb ||||| |||| 00| 0 eng d
040 ## - CATALOGING SOURCE
Original cataloging agency FISKH
Language of cataloging eng
Transcribing agency FISKH
Modifying agency FISKH
050 ## - LIBRARY OF CONGRESS CALL NUMBER
Classification number PZ8.S5874 W
082 ## - DEWEY DECIMAL CLASSIFICATION NUMBER
Classification number 178
100 ## - MAIN ENTRY--PERSONAL NAME
Personal name Feldman, Thea
245 ## - TITLE STATEMENT
Title Wash day :
Remainder of title Puppy Pals phonics /
Statement of responsibility, etc. By Thea Feldman ; Illustatrations by Clare Elsom
260 ## - PUBLICATION, DISTRIBUTION, ETC.
Place of publication, distribution, etc. New York :
Name of publisher, distributor, etc. Scholastic,
Date of publication, distribution, etc. 2016.
300 ## - PHYSICAL DESCRIPTION
Extent 8 unnumbered pages :
Other physical details color illustrations ;
Dimensions 19 cm
505 ## - FORMATTED CONTENTS NOTE
Formatted contents note NP<br/>
520 ## - SUMMARY, ETC.
Summary, etc. Learn with phonics in wash day
650 ## - SUBJECT ADDED ENTRY--TOPICAL TERM
Topical term or geographic name entry element Animals
Form subdivision Phonics
General subdivision Wash day
700 ## - ADDED ENTRY--PERSONAL NAME
Personal name Elsom, Clare
Relator term illustrator
942 ## - ADDED ENTRY ELEMENTS (KOHA)
Source of classification or shelving scheme Dewey Decimal Classification
Koha item type Books
Suppress in OPAC No
Holdings
Withdrawn status Lost status Source of classification or shelving scheme Damaged status Not for loan Collection Home library Current library Shelving location Date acquired Total Checkouts Full call number Barcode Date last seen Copy number Price effective from Koha item type
    Dewey Decimal Classification     Juvenile Fiction Footprints International School Library Network Toul Tom Poung Campus Footprints International School Library Network Toul Tom Poung Campus TTP Primary Green Bookshelves 10/31/2025   FEL 178 PZ8.S5874 W 2025-4774 10/31/2025 1 10/31/2025 Books